Top 10 NBA Players of All-Time - Statistics

General Stats
  • This quiz has been taken 345 times
  • The average score is 9 of 10
Answer Stats
Teams Player % Correct
1. CHI/WAS Michael Jordan
100%
2. CLE/MIA/CLE/LAL LeBron James
99%
4. LAL Kobe Bryant
97%
8. GSW Steph Curry
97%
5. BOS Larry Bird
96%
3. MIL/LAL Kareem Abdul-Jabbar
94%
10. LAL Magic Johnson
90%
9. SAS Tim Duncan
89%
6. SFW/PHI/LAL Wilt Chamberlain
87%
7. BOS Bill Russell
83%
No matching quizzes found
Score Distribution
Percent of People with Each Score
Percentile by Number Answered
Your Score History
You have not taken this quiz